| 000 | 00644cam a22001814a 4500 | ||
|---|---|---|---|
| 020 | _a9781600210037 | ||
| 050 | 0 | 0 |
_aTP248.27.P55 _bR46 2006 |
| 245 | 0 | 0 |
_aRenewable resources and plant biotechnology / _cRyszard Kozlowski, Gennady E. Zaikov, and Frank Pudel, editors. |
| 260 |
_aNew York : _bNova Science Publishers, _cc2006. |
||
| 300 | _avi, 195 p. : | ||
| 500 | _aIncludes bibliographical references and index. | ||
| 650 | 0 | _v1. Renewable resources. 2. Plant biotechology. | |
| 700 | 1 | _aKozłowski, R. | |
| 700 | 1 | _aZaikov, G. E. | |
| 700 | 1 | _aPudel, Frank. | |
| 856 | 4 | 1 | _uhttp://www.loc.gov/catdir/toc/ecip067/2006003479.html |
| 942 | _cGEN | ||
| 999 |
_c515 _d515 |
||